000 00482nam a2200169Ia 4500
001 23556
008 140410s9999 xx 000 0 und d
020 _a0-273-61362-6
040 _cPK-LaUMT
082 _a 658.406
_bBAS-P
100 _aMin Basadur
245 4 _aThe power of innovation:
_bhow to make innovation a way of life and put creative solutions to work
_cMin Basadur
260 _aLondon,UK:
_bPitman Publishing,
_c1995
300 _a330 p.
546 _aEN
942 _cBK
999 _c23782
_d23782